000 00290nam a22001337a 4500
008 170522b xxu||||| |||| 00| 0 eng d
020 _a0671475444
041 _aeng
080 _a94
100 _a16
101 _aSHH
245 _aTHE UNTHINKABLE IN THE 1980S
_cKAHN,H
942 _2udc
_cBK
999 _c13701
_d13701